000 00559nam a2200193Ia 4500
005 20250326142839.0
008 250326s9999 xx 000 0 und d
020 _a0-8247-0221-2
037 _aTextbook
040 _aFMSL
_beng
_cFMSL
041 _aeng
_2eng
084 _aL:14g N9 (R)
_qFMSL
100 _aKilapatrick A O
_9746720
245 0 _aHandbook of health administration and policy
_cKilapatrick A O; Johnson J A
260 _aU
_bU, S A Basel
_c1999
300 _a1124p
942 _cTB
_hL:14g N9 (R)
999 _c1296912
_d1296912